000
00258nam a2200109Ia 4500
008
220216s9999 xx 000 0 und d
100
_a
Benny K K
245
0
_a
Thangum thanalum valamayi sheemakonna
260
_b
Rubber
_c
2013
300
_a
24-25
942
_c
JS
999
_c
70445
_d
70445